000 00754nas a2200241 4500
001 BR7600971
003 BR-BrBNA
005 20231205082915.0
007 ta
008 230509b bl.|||p| |||| 00| 00por d
040 _aBR-BrBNA
_bpor
_cBiblioteca Nacional de Agricultura
041 _a(Pt)
072 _aH20; F40
100 1 _aGolfari, L.
245 1 _aO problema do cancro do eucalipto, causado por Diaporthe cubensis Bruner, sob o ponto de vista ecologico [Espirito Santo, Brasil]
650 _aEUCALIPTO
650 _aESPIRITO SANTO
650 _aCANCRO
650 _aFUNGO
773 0 _tBrasil Florestal (Brazil)
_xISSN 0045-270X
_g(Jul 1975), v. 6(23) p. 3-8
_wBR7600971
909 _a202311
_bLúcia
_c55
_dLúcia Elande
942 _2AGRIS
_n0
_cANA
999 _c95018
_d95018